Hitlerova válka : prožijte druhou světovou válku, jak ji líčila nacistická propaganda v časopise Signal - a pak zjistěte, jak to bylo skutečně /
Uložené v:
| Hlavný autor: | |
|---|---|
| Ďalší autori: | |
| Médium: | Kniha |
| Jazyk: | Czech English |
| Vydané: |
Praha :
Columbus,
2015.
|
| Vydanie: | Vyd. 1. |
| Témy: | |
| ISBN: |
9788087588451 (viaz.) |
| Fyzický popis: |
224 s. : fotogr., il., mp., portréty ; 29 cm. |
| Tagy: |
Pridať tag
Žiadne tagy, Buďte prvý kto otaguje tento záznam!
|
Titul je dostupný aj v ... 

MARC
| LEADER | 00000nam a2200000 4500 | ||
|---|---|---|---|
| 001 | 000460708 | ||
| 005 | 20150818125737.0 | ||
| 008 | 150209s2015 xr abcoe 001 0 cze d | ||
| 020 | |a 9788087588451 (viaz.) | ||
| 040 | |a SVKKK |b slo |c SVKKK |e AACR2 | ||
| 041 | 1 | |a cze |h eng | |
| 044 | |a xr |c CZ | ||
| 072 | 7 | |a 94(100) |x Svetové dejiny |2 konspekt | |
| 080 | |a 94(100)"1939/1945" |2 2001 | ||
| 080 | |a 32.019.5:329.17 |2 2001 | ||
| 080 | |a (035) |2 2001 | ||
| 100 | 1 | |a Harwood, Jeremy, |d 1947- | |
| 240 | 1 | 0 | |a Hitler´s wartime. |l Česky |
| 245 | 1 | 0 | |a Hitlerova válka : |b prožijte druhou světovou válku, jak ji líčila nacistická propaganda v časopise Signal - a pak zjistěte, jak to bylo skutečně / |c Jeremy Harwood ; [z anglického originálu přeložil Viktor Faktor]. |
| 250 | |a Vyd. 1. | ||
| 260 | |a Praha : |b Columbus, |c 2015. | ||
| 300 | |a 224 s. : |b fotogr., il., mp., portréty ; |c 29 cm. | ||
| 500 | |a Preklad z angl. orig. | ||
| 500 | |a Údaj o prekl. prevzatý z tiráže | ||
| 650 | 0 | 7 | |a druhá svetová vojna, 1939-1945 |2 SVKKKPH |
| 650 | 0 | 7 | |a nacistická propaganda |2 SVKKKPH |
| 655 | 7 | |a monografie |2 SVKKKPH | |
| 700 | 1 | |a Faktor, Viktor, |d 1944- |4 trl | |
| 765 | 0 | |t Hitler´s wartime. Česky |a Harwood, Jeremy, 1947- | |
| 910 | |a svkkk | ||
| 919 | |a 978-80-87588-45-1 | ||
| 998 | |a BK | ||
| 090 | |g SCKHL |k Sklad Hlavná 10 prízemie |a V.233136 |j 1062354 |i 2720295713 |s Absenčne | ||